[Event "Festival International des Jeux 2005"]
[Site "Cannes"]
[Date "2005.02.22"]
[Round "4.3"]
[White "Saric, Ante"]
[Black "Jankovic, Alojzije"]
[Result "1/2-1/2"]
[WhiteElo "2447"]
[BlackElo "2477"]
[PlyCount "43"]
[EventDate "2005.??.??"]

1. d4 Nf6 2. Nf3 g6 3. c4 Bg7 4. Nc3 O-O 5. e4 d6 6. Be2 c5 7. O-O cxd4 8. Nxd4
Nc6 9. Be3 Bd7 10. Qd2 Nxd4 11. Bxd4 Bc6 12. f3 Nd7 13. Be3 Nc5 14. Rab1 a5 15.
b3 Be5 16. a3 e6 17. b4 axb4 18. axb4 Qh4 19. g3 Bxg3 20. hxg3 Qxg3+ 21. Kh1
Qh3+ 22. Kg1 1/2-1/2

[Event "Festival International des Jeux 2005"]
[Site "Cannes"]
[Date "2005.02.22"]
[Round "4.4"]
[White "Delchev, Aleksander"]
[Black "Sanchez, Joseph"]
[Result "1-0"]
[WhiteElo "2597"]
[BlackElo "2430"]
[PlyCount "53"]
[EventDate "2005.??.??"]

1. e4 c5 2. Nf3 Nc6 3. d4 cxd4 4. Nxd4 Nf6 5. Nc3 e5 6. Ndb5 d6 7. Bg5 a6 8.
Na3 b5 9. Bxf6 gxf6 10. Nd5 f5 11. Bd3 Be6 12. O-O Bg7 13. Qh5 f4 14. c4 bxc4
15. Bxc4 O-O 16. Rac1 Kh8 17. Rfd1 Rg8 18. Nxf4 Bxc4 19. Nxc4 exf4 20. Nxd6 Ne5
21. Rc5 Qe7 22. Rxe5 Bxe5 23. Nxf7+ Kg7 24. Nxe5 Rac8 25. h3 Rc5 26. Rd7 Qxd7
27. Qg5+ 1-0

[Event "Festival International des Jeux 2005"]
[Site "Cannes"]
[Date "2005.02.22"]
[Round "4.5"]
[White "Zhang, Pengxiang"]
[Black "Grunberg, Mihai-Lucian"]
[Result "1-0"]
[WhiteElo "2560"]
[BlackElo "2419"]
[PlyCount "59"]
[EventDate "2005.??.??"]

1. e4 Nf6 2. e5 Nd5 3. d4 d6 4. Nf3 dxe5 5. Nxe5 c6 6. Be2 Bf5 7. O-O Nd7 8.
Nd3 e6 9. c4 N5f6 10. Bf4 Be7 11. Nc3 O-O 12. Bf3 Bxd3 13. Qxd3 e5 14. dxe5
Nxe5 15. Qe2 Nxf3+ 16. Qxf3 Qd4 17. b3 Bb4 18. Rac1 Bxc3 19. Rxc3 Rad8 20. Re3
Rfe8 21. h3 Rxe3 22. Bxe3 Qd3 23. Bxa7 Qxf3 24. gxf3 Rd2 25. Ra1 h6 26. Be3 Rc2
27. Kf1 Nd7 28. Ke1 Ne5 29. Kd1 Rc3 30. f4 1-0

[Event "Festival International des Jeux 2005"]
[Site "Cannes"]
[Date "2005.02.22"]
[Round "4.6"]
[White "Berescu, Alin"]
[Black "Drazic, Sinisa"]
[Result "0-1"]
[WhiteElo "2424"]
[BlackElo "2489"]
[PlyCount "130"]
[EventDate "2005.??.??"]

1. e4 Nf6 2. e5 Nd5 3. d4 d6 4. c4 Nb6 5. exd6 exd6 6. Nc3 Be7 7. h3 O-O 8. Nf3
Re8 9. Be3 Bf5 10. b3 c6 11. Bd3 Bxd3 12. Qxd3 Na6 13. O-O Nd7 14. a3 h6 15.
Bf4 Bf8 16. Rfe1 Nf6 17. Rxe8 Qxe8 18. b4 Nc7 19. a4 Qd7 20. Re1 Re8 21. Rxe8
Qxe8 22. b5 Qe6 23. Be3 d5 24. c5 Qe8 25. Bf4 Ne6 26. Be5 Nd7 27. Bg3 Qc8 28.
Ne5 Be7 29. Nxd7 Qxd7 30. Be5 Bg5 31. Ne2 Qe8 32. f4 Bd8 33. Bb8 Bc7 34. Bxc7
Nxc7 35. bxc6 bxc6 36. Kf2 Qb8 37. f5 Ne8 38. Qe3 Nf6 39. Qe5 Qb1 40. Ng3 h5
41. Qf4 a5 42. Nf1 Qd1 43. Kg1 Ne4 44. Kh2 Qxd4 45. Ng3 Qxc5 46. Nxe4 dxe4 47.
Qxe4 Qd6+ 48. Kh1 Qd1+ 49. Kh2 Qd6+ 50. Kh1 Qd5 51. Qe2 c5 52. Qxh5 c4 53. Qg4
Qc6 54. Qd4 f6 55. Qc3 Qxa4 56. h4 Qd1+ 57. Kh2 Qg4 58. Qxa5 Qxh4+ 59. Kg1 Qd4+
60. Kf1 Kh7 61. Qc7 Qd3+ 62. Kg1 Qe3+ 63. Kf1 c3 64. Qh2+ Qh6 65. Qc7 Qc1+ 0-1

[Event "Festival International des Jeux 2005"]
[Site "Cannes"]
[Date "2005.02.22"]
[Round "4.7"]
[White "Sarno, Spartaco"]
[Black "Miladinovic, Igor"]
[Result "0-1"]
[WhiteElo "2380"]
[BlackElo "2611"]
[PlyCount "44"]
[EventDate "2005.??.??"]

1. c4 Nc6 2. Nc3 Nf6 3. g3 e6 4. Bg2 d5 5. d4 dxc4 6. Nf3 Bb4 7. O-O O-O 8. e3
Rb8 9. Qe2 b5 10. Rd1 Nd5 11. Ne4 Qe7 12. Bd2 e5 13. Bxb4 Ndxb4 14. d5 Nd8 15.
b3 Bg4 16. h3 Bxf3 17. Bxf3 f5 18. d6 cxd6 19. Nxd6 e4 20. bxc4 exf3 21. Qxf3
bxc4 22. Rac1 Nd3 0-1

[Event "Festival International des Jeux 2005"]
[Site "Cannes"]
[Date "2005.02.22"]
[Round "4.8"]
[White "Palac, Mladen"]
[Black "Marholev, Dimitar"]
[Result "1/2-1/2"]
[WhiteElo "2575"]
[BlackElo "2381"]
[PlyCount "35"]
[EventDate "2005.??.??"]

1. e4 e5 2. Nf3 Nc6 3. Bb5 a6 4. Ba4 Nf6 5. O-O Be7 6. Re1 b5 7. Bb3 d6 8. a4
Bg4 9. c3 O-O 10. d3 Na5 11. Ba2 c5 12. Bg5 Be6 13. Nbd2 Nd7 14. Be3 Bxa2 15.
Rxa2 Nb6 16. axb5 axb5 17. Qc2 Nc6 18. Rxa8 1/2-1/2

[Event "Festival International des Jeux 2005"]
[Site "Cannes"]
[Date "2005.02.22"]
[Round "4.9"]
[White "Krumpacnik, Domen"]
[Black "Degraeve, Jean-Marc"]
[Result "1-0"]
[WhiteElo "2364"]
[BlackElo "2569"]
[PlyCount "85"]
[EventDate "2005.??.??"]

1. d4 d6 2. Nf3 g6 3. e4 Bg7 4. Bc4 Nf6 5. Qe2 O-O 6. O-O c6 7. Bb3 Qc7 8. c3
e5 9. dxe5 dxe5 10. Bg5 h6 11. Bxf6 Bxf6 12. Rd1 Na6 13. Nbd2 Kg7 14. a4 Nc5
15. Bc4 a5 16. Nb3 Ne6 17. Qe3 b6 18. h4 h5 19. Rd2 Rd8 20. Rad1 Rxd2 21. Qxd2
Be7 22. g3 Nd8 23. Kg2 Nb7 24. Bxf7 Nd6 25. Bxg6 Kxg6 26. Nxe5+ Kg7 27. Qe2 Bf6
28. Qxh5 Qe7 29. Qg6+ Kf8 30. Rxd6 Bxe5 31. Rd3 Qf7 32. Qh6+ Ke7 33. Qxc6 Rb8
34. Rd5 Qe6 35. Qxe6+ Kxe6 36. f4 Bc7 37. Nd4+ Kf6 38. Nf5 Rb7 39. Kf3 Bb8 40.
Nd6 Bxd6 41. Rxd6+ Kg7 42. c4 Kf7 43. f5 1-0

[Event "Festival International des Jeux 2005"]
[Site "Cannes"]
[Date "2005.02.22"]
[Round "4.10"]
[White "Rotstein, Arkadij"]
[Black "Contin, Daniel"]
[Result "1-0"]
[WhiteElo "2528"]
[BlackElo "2371"]
[PlyCount "109"]
[EventDate "2005.??.??"]

1. c4 c5 2. g3 g6 3. Nf3 Bg7 4. d4 Qa5+ 5. Bd2 Qb6 6. Bc3 cxd4 7. Nxd4 Nf6 8.
Bg2 Nc6 9. Nc2 d6 10. O-O Be6 11. Ne3 O-O 12. Nd5 Bxd5 13. cxd5 Nb8 14. Bd4 Qa6
15. Nc3 Nbd7 16. e4 Ne8 17. Bxg7 Nxg7 18. Qd2 Rac8 19. Bh3 Ne5 20. f4 Nc4 21.
Qd4 f5 22. exf5 Nxf5 23. Bxf5 gxf5 24. Rae1 Rf7 25. Rf2 Qb6 26. Qxb6 Nxb6 27.
Rfe2 Kf8 28. Kf2 Rc5 29. Rd1 Rg7 30. Kf3 Kf7 31. h3 h5 32. Rd3 a6 33. b4 Rc4
34. a3 Rg8 35. Nd1 Rc1 36. Ne3 Rg1 37. Nxf5 Kf6 38. Kf2 Rh1 39. Kg2 Ra1 40.
Nxe7 Re8 41. Re6+ Kf7 42. Nf5 Rxe6 43. dxe6+ Kxe6 44. Ng7+ Kd7 45. Nxh5 Nc4 46.
Nf6+ Ke6 47. Ne4 Rxa3 48. Rxa3 Nxa3 49. g4 Nc2 50. h4 Nxb4 51. h5 Nd5 52. Kf3
Nf6 53. h6 a5 54. g5 Nxe4 55. h7 1-0

[Event "Festival International des Jeux 2005"]
[Site "Cannes"]
[Date "2005.02.23"]
[Round "5.1"]
[White "Dunis, Aurelien"]
[Black "Zhang, Pengxiang"]
[Result "0-1"]
[WhiteElo "2462"]
[BlackElo "2560"]
[PlyCount "118"]
[EventDate "2005.??.??"]

1. d4 d5 2. c4 dxc4 3. Nf3 Nf6 4. e3 e6 5. Bxc4 a6 6. O-O c5 7. Bb3 b5 8. a4 b4
9. e4 Bb7 10. e5 Ne4 11. Nbd2 Nxd2 12. Bxd2 cxd4 13. Ng5 Nd7 14. Rc1 Nc5 15.
Bc4 h6 16. Qh5 g6 17. Qh3 Be7 18. Nf3 Ne4 19. Rfd1 Nxd2 20. Rxd2 Bg5 21. Nxg5
Qxg5 22. Rcd1 O-O-O 23. Qg3 Rd7 24. Qxg5 hxg5 25. Rxd4 Rhd8 26. R4d3 a5 27. f3
Bc6 28. Rxd7 Rxd7 29. Rxd7 Kxd7 30. Bb3 Bd5 31. Bd1 Kc6 32. Kf2 Kc5 33. Ke3 b3
34. g4 f6 (34... Kb4 35. f4 gxf4+ 36. Kxf4 Kxa4 37. h4) 35. exf6 e5 36. Be2 Kd6
37. Bd3 Ke6 38. Bxg6 Kxf6 39. Be4 Bf7 40. Bc6 (40. Kf2) 40... Ke7 41. Kd3 Kd6
42. Be4 Kc5 43. Kc3 Be6 44. Bd3 Bd5 45. Be2 Bc6 46. Kd3 Kb4 47. Bd1 Bxa4 48.
Ke4 Bb5 49. h3 $4 (49. Kxe5 a4 50. f4 Bd3 51. f5) 49... a4 50. Ke3 Bc6 51. Kf2
Be8 52. Ke3 Bg6 53. Kd2 a3 54. bxa3+ Kxa3 55. Bxb3 Kxb3 56. Ke3 Kc4 57. Kd2 Kd4
58. Ke2 Bc2 59. Kf1 Bd1 0-1

[Event "Festival International des Jeux 2005"]
[Site "Cannes"]
[Date "2005.02.23"]
[Round "5.2"]
[White "Jankovic, Alojzije"]
[Black "Delchev, Aleksander"]
[Result "1/2-1/2"]
[WhiteElo "2477"]
[BlackElo "2597"]
[PlyCount "106"]
[EventDate "2005.??.??"]

1. d4 Nf6 2. c4 e6 3. Nf3 d5 4. Nc3 dxc4 5. e4 Bb4 6. Bg5 c5 7. Bxc4 cxd4 8.
Nxd4 Qa5 9. Bd2 O-O 10. Qe2 e5 11. Nc2 Nc6 12. a3 Nd4 13. Qd3 Nxc2+ 14. Qxc2
Qc7 15. Bb3 Be7 16. O-O Bd7 17. Bg5 Rac8 18. Rfd1 b5 19. Qe2 Bc6 20. Bxf6 Bxf6
21. Nd5 Bxd5 22. Rxd5 a6 23. g3 Rfd8 24. Rxd8+ Rxd8 25. Qe3 Rc8 26. Qf3 a5 27.
Qd3 a4 28. Ba2 Qc6 29. Bd5 Qe8 30. Qe3 Be7 31. Rc1 g6 32. Kg2 Kg7 33. Rxc8 Qxc8
34. Qa7 Qe8 35. Qb6 Qd7 36. h3 Bd8 37. Qc5 Be7 38. Qc3 Bd6 39. h4 h5 40. Bc6
Qc7 41. Bxb5 Qxc3 42. bxc3 Bxa3 43. Bxa4 Bb2 44. c4 Bd4 45. f3 Bc5 46. g4 Be3
47. Bd1 Kh6 48. Kg3 Kg7 49. Bb3 Kh6 50. Bd1 Kg7 51. Kg2 Kh6 52. Kf1 Bc5 53. Ke2
Be7 1/2-1/2

[Event "Festival International des Jeux 2005"]
[Site "Cannes"]
[Date "2005.02.23"]
[Round "5.3"]
[White "Nevednichy, Vladislav"]
[Black "Saric, Ante"]
[Result "1-0"]
[WhiteElo "2559"]
[BlackElo "2447"]
[PlyCount "97"]
[EventDate "2005.??.??"]

1. e4 e5 2. Bc4 Nf6 3. d3 c6 4. Nf3 Be7 5. O-O Qc7 6. Re1 O-O 7. Nbd2 d6 8. a3
Nbd7 9. h3 Re8 10. Nf1 Bf8 11. Ng3 b5 12. Ba2 Nb6 13. Bg5 Nfd7 14. Bd2 Nc5 15.
b4 Ne6 16. Nf5 c5 17. Ne3 Bb7 18. c4 Nf4 19. Qb3 bxc4 20. Nxc4 Nxc4 21. Bxf4
Nxa3 22. bxc5 exf4 23. c6 Bxc6 24. Rec1 d5 25. exd5 Bd6 26. dxc6 Rab8 27. Qa4
h6 28. Bd5 Rb5 29. Bc4 Ra5 30. Qd1 Rb8 31. Ba2 Ra6 32. Bd5 Ra5 33. Ba2 Ra6 34.
Bd5 Ra5 35. Bb3 Rb6 36. Ba4 Rba6 37. Bb3 Rxc6 38. Qe1 Rxc1 39. Rxc1 Qd8 40. Qe4
Rb5 41. Nd4 Rc5 42. Rxc5 Bxc5 43. Nc6 Qf6 44. d4 Bf8 45. Ne5 g5 46. Nxf7 Kg7
47. Ne5 Bd6 48. Qd5 Qf8 49. Nd7 1-0

[Event "Festival International des Jeux 2005"]
[Site "Cannes"]
[Date "2005.02.23"]
[Round "5.5"]
[White "Miladinovic, Igor"]
[Black "Piscopo, Pierluigi"]
[Result "1-0"]
[WhiteElo "2611"]
[BlackElo "2344"]
[PlyCount "73"]
[EventDate "2005.??.??"]

1. d4 Nf6 2. Nc3 e6 3. e4 c5 4. dxc5 Nc6 5. e5 Nxe5 6. Bf4 Ng6 7. Bd6 Be7 8.
Nb5 O-O 9. Bc7 Qe8 10. Nd6 Bxd6 11. Bxd6 Ne4 12. Bxf8 Qxf8 13. b4 f5 14. Qd4 b6
15. cxb6 Bb7 16. bxa7 Rxa7 17. Ne2 Ra6 18. f3 e5 19. Qb2 Nf6 20. O-O-O Rb6 21.
a3 d5 22. f4 exf4 23. h4 Qd6 24. Qd4 Ra6 25. Nc3 Ra8 26. Bc4 Rd8 27. Bb3 Ne5
28. Rhe1 Neg4 29. Qa7 Rd7 30. Nb5 Qf8 31. Qb6 Ne3 32. Rxe3 fxe3 33. Qxe3 Ne4
34. g4 Kh8 35. Rf1 d4 36. Nxd4 Qf6 37. Rxf5 1-0

[Event "Festival International des Jeux 2005"]
[Site "Cannes"]
[Date "2005.02.23"]
[Round "5.6"]
[White "Simon, Olivier"]
[Black "Rotstein, Arkadij"]
[Result "0-1"]
[WhiteElo "2289"]
[BlackElo "2528"]
[PlyCount "40"]
[EventDate "2005.??.??"]

1. e4 c5 2. Nf3 e6 3. b3 b6 4. d4 cxd4 5. Nxd4 Bb7 6. Nb5 Nc6 7. Ba3 Bxa3 8.
N1xa3 d5 9. exd5 exd5 10. c3 Nf6 11. Bd3 O-O 12. O-O d4 13. Be2 Nd5 14. Qc1 Rc8
15. Rd1 a6 16. Nxd4 Nxd4 17. Rxd4 Nxc3 18. Rxd8 Nxe2+ 19. Kf1 Rxc1+ 20. Rxc1
Nxc1 0-1

[Event "Festival International des Jeux 2005"]
[Site "Cannes"]
[Date "2005.02.23"]
[Round "5.7"]
[White "Kalix, Wolfgang"]
[Black "Zelcic, Robert"]
[Result "0-1"]
[WhiteElo "2053"]
[BlackElo "2514"]
[PlyCount "56"]
[EventDate "2005.??.??"]

1. e4 Nf6 2. Nc3 d5 3. e5 Ne4 4. Nce2 d4 5. d3 Nc5 6. Nf3 Nc6 7. h3 a5 8. Bf4
g6 9. Qd2 Be6 10. Bh2 Bg7 11. Nf4 Bd5 12. Be2 Bxf3 13. Bxf3 Nxe5 14. Be2 Nc6
15. Bf3 Ne5 16. Be2 Ned7 17. g4 e5 18. Ng2 Qe7 19. O-O O-O 20. Rae1 Ne6 21. Bg3
Qb4 22. Qc1 Qc5 23. Kh2 Rae8 24. Bd1 Nb6 25. f4 exf4 26. Nxf4 Nxf4 27. Rxe8
Rxe8 28. Qxf4 Re7 0-1

[Event "Festival International des Jeux 2005"]
[Site "Cannes"]
[Date "2005.02.23"]
[Round "5.8"]
[White "Vuillermoz, Robert"]
[Black "Bagheri, Amir"]
[Result "0-1"]
[WhiteElo "2035"]
[BlackElo "2500"]
[PlyCount "82"]
[EventDate "2005.??.??"]

1. e4 c6 2. d4 d5 3. e5 Bf5 4. Nc3 a6 5. f4 e6 6. Nf3 h5 7. Bd3 Nh6 8. Be3 Nd7
9. Ne2 Rc8 10. Bf2 c5 11. c3 Bg4 12. O-O Bxf3 13. gxf3 g6 14. Kh1 c4 15. Bc2 b5
16. Qb1 Nf5 17. Bxf5 exf5 18. Qe1 Be7 19. Ng1 Nf8 20. h4 Ne6 21. Nh3 a5 22. Bg3
b4 23. Ng5 Bxg5 24. fxg5 Rb8 25. Qd2 O-O 26. Rfb1 Qb6 27. Qd1 Rfc8 28. Be1 Nf4
29. Bd2 Nd3 30. Kg2 Qc6 31. a3 Rc7 32. axb4 axb4 33. cxb4 Rcb7 34. b3 Nxb4 35.
bxc4 dxc4 36. Bxb4 Rxb4 37. Rxb4 Rxb4 38. d5 Rb2+ 39. Kh3 Qc5 40. d6 Qxe5 41.
Qg1 f4 0-1

[Event "Festival International des Jeux 2005"]
[Site "Cannes"]
[Date "2005.02.23"]
[Round "5.9"]
[White "Nardelli, Marco"]
[Black "Jovanic, Ognjen"]
[Result "0-1"]
[WhiteElo "2031"]
[BlackElo "2477"]
[PlyCount "78"]
[EventDate "2005.??.??"]

1. e4 c5 2. Nf3 Nc6 3. d4 cxd4 4. Nxd4 e5 5. Nb5 d6 6. c4 Be7 7. N1c3 a6 8. Na3
Nf6 9. Nc2 O-O 10. Be2 Be6 11. O-O Ne8 12. Ne3 Bg5 13. b3 Nd4 14. Bb2 Nf6 15.
Bd3 Rc8 16. Ne2 Nc6 17. Ng3 Ne7 18. Qe2 Ng6 19. Rad1 Nf4 20. Qf3 g6 21. Bb1 Qb6
22. Rd2 Ne8 23. Rfd1 Qc5 24. Ngf5 gxf5 25. exf5 Bd7 26. Qg4 h6 27. h4 Nf6 28.
hxg5 Nxg4 29. Nxg4 hxg5 30. Nf6+ Kh8 31. g3 Bc6 32. gxf4 gxf4 33. Rxd6 Rg8+ 34.
Nxg8 Rxg8+ 35. Kf1 Rg2 36. Rd8+ Kg7 37. R8d4 f6 38. Rd7+ Kh6 39. R7d2 Bf3 0-1

[Event "Festival International des Jeux 2005"]
[Site "Cannes"]
[Date "2005.02.23"]
[Round "5.10"]
[White "Di Lazzaro, Gabriele"]
[Black "Tratar, Marko"]
[Result "0-1"]
[WhiteElo "2012"]
[BlackElo "2469"]
[PlyCount "112"]
[EventDate "2005.??.??"]

1. e4 g6 2. d4 d6 3. Nc3 c6 4. Nf3 Bg7 5. a4 Nf6 6. h3 O-O 7. Be2 Nbd7 8. O-O
Qc7 9. Be3 e5 10. Qd2 exd4 11. Nxd4 Re8 12. f3 Nh5 13. Rfd1 Nc5 14. Bc4 Qe7 15.
Nde2 d5 16. Bg5 Nxe4 17. Nxe4 f6 18. Nxf6+ Bxf6 19. Bxf6 Qxf6 20. Bb3 Be6 21.
Re1 Rad8 22. Qd4 Qxd4+ 23. Nxd4 Bf7 24. c3 Nf4 25. Bc2 c5 26. Nb3 b6 27. Kf2
Kg7 28. Rad1 d4 29. Rxe8 Rxe8 30. Rd2 dxc3 31. bxc3 Nd5 32. a5 Nxc3 33. axb6
axb6 34. Nc1 b5 35. Rd7 c4 36. Rb7 Kf6 37. Be4 Re7 38. Rb6+ Re6 39. Rb7 Re7 40.
Rb6+ Ke5 41. Ke3 Nd5+ 42. Bxd5 Kxd5+ 43. Kd2 Kc5 44. Rb8 b4 45. Na2 c3+ 46.
Nxc3 bxc3+ 47. Kxc3 Re2 48. Rb7 Bd5 49. Rc7+ Kd6 50. Rxh7 Rxg2 51. f4 Kc5 52.
h4 Rg3+ 53. Kd2 Kd4 54. h5 Rg2+ 55. Kc1 Kc3 56. Rc7+ Bc4 0-1

[Event "Festival International des Jeux 2005"]
[Site "Cannes"]
[Date "2005.02.24"]
[Round "6.1"]
[White "Zhang, Pengxiang"]
[Black "Nevednichy, Vladislav"]
[Result "1-0"]
[WhiteElo "2560"]
[BlackElo "2559"]
[PlyCount "97"]
[EventDate "2005.??.??"]

1. e4 c5 2. Nf3 d6 3. d4 cxd4 4. Nxd4 Nf6 5. Nc3 Nc6 6. f3 e6 7. Be3 a6 8. g4
Nd7 9. Qd2 Nde5 10. Be2 Qh4+ 11. Bf2 Nxd4 12. Qxd4 Qf6 13. O-O-O g5 14. h4 h6
15. Be3 Rg8 16. Qb6 Qd8 17. Na4 Bd7 18. Rxd6 Qxb6 19. Nxb6 Bxd6 20. Nxa8 Bb5
21. Kd1 h5 22. hxg5 hxg4 23. f4 Bxe2+ 24. Kxe2 Nc4 25. e5 Nxe3 26. exd6 Nc4 27.
Rg1 Kd7 28. b3 Rxa8 29. bxc4 Kxd6 30. Rxg4 Rc8 31. Kd3 Rc5 32. Rg1 Ra5 33. Rb1
Kc6 34. Rh1 Rf5 35. Ke4 Kc5 36. Rh6 b6 37. Rh8 Kxc4 38. Re8 b5 39. g6 fxg6 40.
Rxe6 Rf8 41. Rc6+ Kb4 42. Rxa6 Re8+ 43. Kf3 Rc8 44. Rxg6 Rxc2 45. Rg2 Rc1 46.
Ke4 Kc5 47. Rd2 Re1+ 48. Kf5 Re8 49. Kg6 1-0

[Event "Festival International des Jeux 2005"]
[Site "Cannes"]
[Date "2005.02.24"]
[Round "6.2"]
[White "Jovanic, Ognjen"]
[Black "Miladinovic, Igor"]
[Result "1-0"]
[WhiteElo "2477"]
[BlackElo "2611"]
[PlyCount "103"]
[EventDate "2005.??.??"]

1. d4 d5 2. Nf3 Bf5 3. c4 e6 4. Nc3 Nc6 5. Bf4 Nf6 6. e3 a6 7. Be2 dxc4 8. Bxc4
h6 9. O-O Bd6 10. Bg3 Bxg3 11. hxg3 O-O 12. Be2 Qe7 13. Qb3 Rfd8 14. Rac1 Rab8
15. Rfd1 b5 16. Nd5 Nxd5 17. Rxc6 a5 18. Rc5 a4 19. Qa3 Qe8 20. b4 axb3 21.
Qxb3 b4 22. a3 Nc3 23. Re1 Nxe2+ 24. Rxe2 bxa3 25. Qxa3 Rb1+ 26. Re1 Rdb8 27.
Rxc7 Rxe1+ 28. Nxe1 Qb5 29. Qc3 Qa6 30. Qd2 Be4 31. Rc1 Qa3 32. f3 Bg6 33. e4
Rb2 34. Qc3 Rb3 35. Qc4 Kh7 36. Kh2 Rb4 37. Qc5 Qb3 38. Nd3 Rb5 39. Qc3 Rh5+
40. Kg1 Qb8 41. Nf4 Rg5 42. Kh2 Rb5 43. Qc7 Qa8 44. Qd7 Rb7 45. Rc7 Rxc7 46.
Qxc7 Qe8 47. Qe5 Qd7 48. Qc5 f6 49. d5 exd5 50. exd5 Qf5 51. Qe7 h5 52. Ne6 1-0

[Event "Festival International des Jeux 2005"]
[Site "Cannes"]
[Date "2005.02.24"]
[Round "6.3"]
[White "Sulava, Nenad"]
[Black "Delchev, Aleksander"]
[Result "1/2-1/2"]
[WhiteElo "2470"]
[BlackElo "2597"]
[PlyCount "33"]
[EventDate "2005.??.??"]

1. d4 Nf6 2. c4 e6 3. g3 d5 4. Bg2 Be7 5. Nf3 O-O 6. O-O dxc4 7. Qc2 a6 8. Qxc4
b5 9. Qc2 Bb7 10. Bd2 Be4 11. Qc1 Bb7 12. Qc2 Be4 13. Qc1 Bb7 14. Bg5 Nbd7 15.
Nbd2 Rc8 16. Bxf6 Bxf6 17. Nb3 1/2-1/2

[Event "Festival International des Jeux 2005"]
[Site "Cannes"]
[Date "2005.02.24"]
[Round "6.4"]
[White "Rotstein, Arkadij"]
[Black "Petkov, Vladimir"]
[Result "1-0"]
[WhiteElo "2528"]
[BlackElo "2439"]
[PlyCount "75"]
[EventDate "2005.??.??"]

1. c4 c5 2. g3 Nc6 3. Nf3 g6 4. d4 cxd4 5. Nxd4 Bg7 6. Nc2 d6 7. Bg2 Be6 8. Ne3
Qd7 9. Nc3 Rc8 10. Bd2 Bh3 11. Bxh3 Qxh3 12. Ncd5 h5 13. Qb3 Qd7 14. Bc3 Nd4
15. Qd1 e5 16. h4 Nh6 17. Qd3 O-O 18. O-O Rfe8 19. Rad1 Ng4 20. Nxg4 Qxg4 21.
Bxd4 exd4 22. Rfe1 Rc5 23. e4 Qc8 24. b3 a6 25. a4 Re6 26. Kg2 Qe8 27. Re2 b5
28. axb5 axb5 29. Ra1 bxc4 30. bxc4 Qc6 31. Rea2 Re8 32. Ra7 Rxc4 33. Qf3 f5
34. exf5 Rc3 35. Ne7+ Rxe7 36. Qxc6 Rxc6 37. Rxe7 d3 38. f6 1-0

[Event "Festival International des Jeux 2005"]
[Site "Cannes"]
[Date "2005.02.24"]
[Round "6.5"]
[White "Zelcic, Robert"]
[Black "Dunis, Aurelien"]
[Result "1-0"]
[WhiteElo "2514"]
[BlackElo "2462"]
[PlyCount "83"]
[EventDate "2005.??.??"]

1. e4 c5 2. Nf3 d6 3. d4 cxd4 4. Nxd4 Nf6 5. Nc3 a6 6. Be2 e6 7. O-O Be7 8. f4
Qc7 9. Kh1 O-O 10. a4 Nc6 11. Be3 Re8 12. Bf3 Bf8 13. Nb3 b6 14. a5 bxa5 15. e5
dxe5 16. fxe5 Rd8 17. Bd2 Nd5 18. Nxd5 exd5 19. Nd4 Be6 20. Nxc6 Qxc6 21. b3
Rac8 22. c4 Bb4 23. Bxb4 axb4 24. Ra2 Rd7 25. Qa1 Qc7 26. cxd5 Bxd5 27. Bg4 Be6
28. Bxe6 fxe6 29. Rxa6 Qb7 30. Rxe6 Rd2 31. Rg1 Rcc2 32. Qa4 Rd7 33. Re8+ Kf7
34. e6+ Kxe8 35. exd7+ Qxd7 36. Re1+ Kd8 37. Qxb4 Qc6 38. Qe7+ Kc8 39. Qxg7 h5
40. h3 h4 41. Qg8+ Kb7 42. Re7+ 1-0

[Event "Festival International des Jeux 2005"]
[Site "Cannes"]
[Date "2005.02.24"]
[Round "6.6"]
[White "Bagheri, Amir"]
[Black "Sanchez, Joseph"]
[Result "1/2-1/2"]
[WhiteElo "2500"]
[BlackElo "2430"]
[PlyCount "99"]
[EventDate "2005.??.??"]

1. d4 d5 2. c4 c6 3. cxd5 cxd5 4. Nc3 Nc6 5. Nf3 Nf6 6. Bf4 Nh5 7. Bg5 h6 8.
Bd2 e6 9. e3 Bd6 10. Bd3 Nf6 11. O-O O-O 12. e4 dxe4 13. Nxe4 Be7 14. Qe2 Qd5
15. Rad1 Bd7 16. Bc3 Rfd8 17. Ne5 Be8 18. Nxf6+ Bxf6 19. Be4 Qxa2 20. Ng4 Bxd4
21. Bxc6 Bxc3 22. Rxd8 Rxd8 23. Bxe8 Qxb2 24. Qxb2 Bxb2 25. Rb1 Rxe8 26. Rxb2
Rc8 27. Kf1 Rc7 28. Rd2 Kf8 29. Rd8+ Ke7 30. Rg8 Kd6 31. Rxg7 a5 32. Rg8 b5 33.
Ra8 a4 34. Nxh6 f5 35. g4 fxg4 36. Nxg4 Kc5 37. Ra6 Kb4 38. Ne5 Kb3 39. Rxe6 a3
40. Nd3 a2 41. Ra6 Rc4 42. f4 Kc2 43. Nb4+ Rxb4 44. Rxa2+ Kd3 45. Rf2 Ra4 46.
Kg2 Ke4 47. f5 Ke5 48. f6 Ra8 49. Rb2 Kxf6 50. Rxb5 1/2-1/2

[Event "Festival International des Jeux 2005"]
[Site "Cannes"]
[Date "2005.02.24"]
[Round "6.7"]
[White "Krumpacnik, Domen"]
[Black "Drazic, Sinisa"]
[Result "1/2-1/2"]
[WhiteElo "2364"]
[BlackElo "2489"]
[PlyCount "120"]
[EventDate "2005.??.??"]

1. d4 d6 2. Nf3 g6 3. e4 Bg7 4. Bc4 e6 5. O-O a6 6. Re1 Ne7 7. Bg5 h6 8. Bf4
Nd7 9. c3 g5 10. Bg3 Ng6 11. h3 O-O 12. Nbd2 e5 13. Nf1 Nf4 14. dxe5 Nxe5 15.
Bb3 Nfd3 16. Nxe5 dxe5 17. Re2 Nc5 18. Rd2 Qf6 19. Bc2 Qc6 20. f3 Ne6 21. Bb3
Nf4 22. Ne3 Re8 23. Ba4 b5 24. Bb3 Bf8 25. Nd5 Rb8 26. Bf2 Bc5 27. Bxc5 Qxc5+
28. Kh2 Kg7 29. Qg1 Qc6 30. Rad1 Be6 31. Nb4 Qb7 32. Qc5 Ng6 33. Bxe6 Rxe6 34.
Rd7 Rc8 35. Nc2 Nf8 36. Rd8 Re8 37. Rxc8 Qxc8 38. Ne3 Re6 39. Nf5+ Kh7 40. h4
gxh4 41. Nxh4 Nd7 42. Qe3 Nb6 43. b3 Qe8 44. Nf5 Nc8 45. c4 bxc4 46. bxc4 Ne7
47. c5 Qa4 48. Rd8 Nxf5 49. exf5 Qh4+ 50. Kg1 Qxd8 51. fxe6 f6 52. Qe4+ Kg7 53.
Qg4+ Kh7 54. Qe4+ Kg7 55. Qg4+ Kh7 56. Qc4 Kg7 57. Qxa6 Qd4+ 58. Kh2 Qh4+ 59.
Kg1 Qd4+ 60. Kh2 Qh4+ 1/2-1/2

[Event "Festival International des Jeux 2005"]
[Site "Cannes"]
[Date "2005.02.24"]
[Round "6.9"]
[White "Sebenik, Matej"]
[Black "Lalic, Bogdan"]
[Result "1/2-1/2"]
[WhiteElo "2412"]
[BlackElo "2520"]
[PlyCount "20"]
[EventDate "2005.??.??"]

1. d4 Nf6 2. Nf3 e6 3. g3 b5 4. Bg2 Bb7 5. O-O c5 6. Bg5 cxd4 7. Nxd4 Bxg2 8.
Kxg2 Qb6 9. Bxf6 gxf6 10. e3 Qb7+ 1/2-1/2

[Event "Festival International des Jeux 2005"]
[Site "Cannes"]
[Date "2005.02.24"]
[Round "6.10"]
[White "Iotov, Valentin"]
[Black "Pira, Davoud"]
[Result "1/2-1/2"]
[WhiteElo "2450"]
[BlackElo "2382"]
[PlyCount "89"]
[EventDate "2005.??.??"]

1. d4 Nf6 2. c4 e6 3. Nc3 Bb4 4. e3 c5 5. Nf3 Nc6 6. Bd3 Bxc3+ 7. bxc3 d6 8. e4
e5 9. d5 Ne7 10. Nd2 Ng6 11. h4 Qa5 12. Qc2 Bd7 13. g3 O-O-O 14. Nf1 Rde8 15.
f3 Nh5 16. Kf2 Ne7 17. Ne3 g6 18. Bd2 Rhf8 19. g4 Nf4 20. Ng2 Nxg2 21. Kxg2 f5
22. Be2 Rf7 23. Raf1 h5 24. gxf5 gxf5 25. Bg5 Ng6 26. f4 Nxf4+ 27. Rxf4 exf4
28. Bxh5 f3+ 29. Kxf3 Ba4 30. Qd2 fxe4+ 31. Ke3 Rff8 32. Bxe8 Bxe8 33. Bf4 Qd8
34. Qh2 Qf6 35. Rc1 Qg7 36. Qg1 Qh8 37. Qg5 Bd7 38. Qe7 Rxf4 39. Kxf4 Qh6+ 40.
Qg5 Qf8+ 41. Kxe4 Qf2 42. Rg1 Qxa2 43. Kd3 Qf2 44. Qg8+ Kc7 45. Rg7 1/2-1/2

[Event "Festival International des Jeux 2005"]
[Site "Cannes"]
[Date "2005.02.24"]
[Round "7.1"]
[White "Rotstein, Arkadij"]
[Black "Zhang, Pengxiang"]
[Result "0-1"]
[WhiteElo "2528"]
[BlackElo "2560"]
[PlyCount "102"]
[EventDate "2005.??.??"]

1. c4 e5 2. g3 Nf6 3. Bg2 Nc6 4. Nc3 Bb4 5. Nd5 O-O 6. Nxb4 Nxb4 7. d3 Nc6 8.
e4 d6 9. Ne2 Bg4 10. f3 Be6 11. Be3 Nd7 12. O-O f5 13. b3 Qe7 14. Qd2 a5 15. f4
fxe4 16. dxe4 exf4 17. gxf4 Nf6 18. h3 Qf7 19. Nd4 Nxd4 20. Bxd4 Qh5 21. Qe3
Rae8 22. Rae1 Bd7 23. e5 Qg6 24. Kh2 c6 25. Qc3 Nh5 26. Be4 Qh6 27. f5 dxe5 28.
Bxe5 Nf6 29. Rg1 Rxe5 30. Qxe5 Re8 31. Qd4 Qf4+ 32. Kh1 Rxe4 33. Rxe4 (33. Qxf6
Qf3+ 34. Kh2 Re2+ 35. Rxe2 Qxe2+ 36. Kh1 Qf3+ 37. Kh2 Qf2+ 38. Kh1 Qxg1+ 39.
Kxg1 gxf6) 33... Qxe4+ 34. Qxe4 Nxe4 35. Kh2 Kf7 36. Rd1 Nc5 37. a3 Bxf5 38. b4
axb4 39. axb4 Nd3 40. Ra1 Nxb4 41. Ra7 Bc8 42. Ra8 Be6 43. Ra7 Nd3 44. Rxb7+
Kf6 45. Rb6 Ne5 46. c5 Bd5 47. Rb2 Nd3 48. Rc2 Ke5 49. Kg3 Kd4 50. Re2 Nxc5 51.
Re7 Ne6 0-1